Normal view
MARC view
Entry Geographic Name
001 - CONTROL NUMBER
- control field: 70248
003 - CONTROL NUMBER IDENTIFIER
- control field: dpl
005 - DATE AND TIME OF LATEST TRANSACTION
- control field: 20240821110334.0
008 - FIXED-LENGTH DATA ELEMENTS
- fixed length control field: 240821|| aca||aabn | a|a d
040 ## - CATALOGING SOURCE
- Original cataloging agency: dpl
- Transcribing agency: dpl
151 ## - HEADING--GEOGRAPHIC NAME
- Geographic name: Pakistan
- General subdivision: Politics and Government
- Chronological subdivision: 1988-
670 ## - SOURCE DATA FOUND
- Source citation: Work cat.: (dpl)24467: Williams, Nancy 70247, Duty and responsibility/, 2009
